Adıma Mostar diyeler... (Record no. 3945)

MARC details
000 -BAŞLIK
Sabit Uzunlukta Kontrol Alanı 00952na a2200289 4500
001 - KONTROL NUMARASI
Denetim Alanı 16658
003 - KONTROL NUMARASI IDENTIFIER
Denetim Alanı MIRAKIL
005 - SON İŞLEM TARİHİ VE ZAMANI
Denetim Alanı 20181213154948.0
008 - SABİT-BOY VERİ ELEMANLARI - GENEL BİLGİLER
Sabit Uzunlukta Kontrol Alanı 161013b tu 000 0
020 ## - ULUSLARARASI STANDART KİTAP NUMARASI
Uluslararası Standart Kitap Numarası 9759568667
040 ## - KATALOGLAMA KAYNAK
Orijinal Kataloglama Ajansı Milas
Kataloglama Dili tur
Metne Dönüştürmek Ajansı TR-AnCHP
041 ## - DİL KODU
Metin / Ses Parça Veya Ayrı Başlığın Dil Kodu tur
082 ## - DEWEY ONLU SINIFLANDIRMA NUMARASI
Sınıflandırma Numarası 809.935
Ürün Numarası S23a 2007
090 ## - SINIFLAMA NUMARASI
Sınıflama Numarası 809.935 S23a 2007
100 ## - ANA GİRİŞ - KİŞİSEL İSİM
Kişisel Ad Sağlam, Feyyaz
245 ## - BAŞLIK TABLOSU
Başlık Adıma Mostar diyeler...
Başlığın Kalan (Türk Dünyası Edebiyatı'nda Bosna)
Sorumluluk Tablosu, Vb Feyyaz Sağlam, Ayşe Karadan
246 ## - UNVAN FORM VARYING
Başlık Doğru / Kısa Başlığı Türk Dünyası Edebiyatı'nda Bosna
260 ## - YAYIN, DAĞITIM, VB
Yayın, Dağıtım, Vb Yeri İzmir
Yayıncı, Dağıtıcı, Vs Adı Kıbatek yayınları
Yayın, Dağıtım, Vb Tarihi 2007
300 ## - FİZİKSEL TANIM
Kapsam xiv, 170 s.
Boyutlar 19 sm.
440 ## - SERİSİ TABLOSU / KATMA GİRİŞİ - BAŞLIK
Başlık Kıbatek Yayınları
Hacim / Ardışık Tanımı 12
500 ## - GENEL NOT
Genel Not Yapıt yazarından imzalıdır.
504 ## - KAYNAKÇA VB NOT
Kaynakça Vb Notu Kaynakça var.
650 ## - KONU KATMA GİRİŞ - TOPİKAL DÖNEM
Topikal Süreli Veya Coğrafi Ad Giriş Elemanı Türk Dünyası edebiyatı
Genel Alt Bölümü Araştırma ve inceleme
650 ## - KONU KATMA GİRİŞ - TOPİKAL DÖNEM
Topikal Süreli Veya Coğrafi Ad Giriş Elemanı Bosna dramı, Edebiyatta
Genel Alt Bölümü Araştırma ve inceleme
651 ## - KONU KATMA GİRİŞ - COĞRAFİ ADI
Coğrafi İsim Balkanlar, Edebiyatta
Genel Alt Bölümü Araştırma ve inceleme
942 ## - EKLENDİ GİRİŞ ELEMANLARI (KOHA)
Sınıflandırma Veya Raf Düzeni Kaynak
Koha Öğesi Türü Books
999 ## - SİSTEM KONTROL NUMARALARI (KOHA)
Koha Biblionumber 3945
Koha Biblioitemnumber 3945
Holdings
Kalıcı Konum Mevcut Konum Edinme Tarihi Edinim Kaynak Toplam Check-Out'Lar Tam Çağrı Numarası Barkod Tarih Son Görülme İtibaren Geçerli Fiyatlar Koha Öğesi Türü
CHP Kütüphanesi CHP Kütüphanesi 10/09/2016 Bağış   809.935 S23a 2007 006665 10/09/2016 10/09/2016 Books